El pueblo traicionado / (Record no. 193341)

MARC details
000 -LEADER
campo de control de longitud fija 03516nam a2200421 i 4500
001 - NÚMERO DE CONTROL
campo de control 193341
003 - IDENTIFICADOR DE NÚMERO DE CONTROL
campo de control SpMaBN
005 - FECHA Y HORA DE LA ÚLTIMA TRANSACCIÓN
campo de control 20250709185142.0
007 - CAMPO FIJO DE DESCRIPCIÓN FÍSICA--INFORMACIÓN GENERAL
campo de control de longitud fija ta
008 - DATOS DE LONGITUD FIJA--INFORMACIÓN GENERAL
campo de control de longitud fija 171102s2023 sp 000 f spa
017 ## - NÚMERO DE COPYRIGHT O DE DEPÓSITO LEGAL
Número de copyright o de depósito legal B 26002-2016
Agencia que asigna Oficina Depósito Legal Barcelona
020 ## - NÚMERO INTERNACIONAL ESTÁNDAR DEL LIBRO
Número Internacional Estándar del Libro 9788435021616
035 ## - NÚMERO DE CONTROL DEL SISTEMA
Número de control de sistema (OCoLC)1050752729
040 ## - FUENTE DE CATALOGACIÓN
Centro catalogador/agencia de origen SpMaBN
Lengua de catalogación spa
Centro/agencia transcriptor SpMaBN
Normas de descripción rdc
080 ## - NÚMERO DE LA CLASIFICACIÓN DECIMAL UNIVERSAL
Número de la Clasificación Decimal Universal 821.112.2-31"19"
100 1# - ENTRADA PRINCIPAL--NOMBRE DE PERSONA
Nombre de persona Döblin, Alfred,
Fechas asociadas al nombre 1878-1957
Relación aut
Número de control del registro de autoridad o número normalizado XX1163594
9 (RLIN) 44938
Término indicativo de función/relación Autor
245 13 - MENCIÓN DEL TÍTULO
Título El pueblo traicionado /
Mención de responsabilidad, etc. Alfred Döblin ; traducción de Carlos Fortea
250 ## - MENCION DE EDICION
Mención de edición Primera reimpresión: marzo de 2023
260 ## - PUBLICACIÓN, DISTRIBUCIÓN, ETC.
Lugar de publicación, distribución, etc. Barcelona :
Nombre del editor, distribuidor, etc. Edhasa,
Fecha de publicación, distribución, etc. 2023
300 ## - DESCRIPCIÓN FÍSICA
Extensión 563 páginas ;
Dimensiones 19 cm
336 ## - TIPO DE CONTENIDO
Término de tipo de contenido Texto (visual)
Fuente isbdcontent
337 ## - TIPO DE MEDIO
Nombre/término del tipo de medio sin mediación
Fuente isbdmedia
338 ## - TIPO DE SOPORTE
Fuente rdacarrier
Nombre/término del tipo de soporte volumen
490 0# - MENCIÓN DE SERIE
Mención de serie Noviembre de 1918,
Designación de volumen o secuencia 2ª parte, v. 1
490 1# - MENCIÓN DE SERIE
Mención de serie Pocket Edhasa ;
Designación de volumen o secuencia 510
520 ## - RESUMEN, ETC.
Sumario, etc. En anteportada: Noviembre de 1918: una revolución alemana, obra en tres partes - Primera parte: Burgueses y soldados - Segunda parte: v. 1. El pueblo traicionado; v. 2. El regreso de las tropas del frente - Tercera parte: Karl y Rosa
Ampliación de la nota de sumario "El pueblo traicionado" forma una estrecha unidad sobre todo con "El regreso de las tropas del frente", y en él muestra un Berlín donde algunos habitantes viven en condiciones miserables, mientras otros saben sacar provecho de las oportunidades que la guerra ofrece a los comerciantes sin escrúpulos, a los pequeños y grandes estafadores, y también a los oportunistas políticos. Se trata de pequeñas historias personales que van conformando un espléndido mosaico en el que, en perspectiva, podemos ver también los enfrentamientos que se están produciendo como consecuencia de la negociación del Tratado de Versalles, que no tardará en cambiar por completo la situación en toda Europa.<br/>Amplísimo fresco del ambiente social y político de un episodio decisivo en la historia de Alemania, la revolución de 1918, que precipitó el cambio desde la monarquía del Reich alemán a la República de Weimar, el ciclo completo se estructura del siguiente modo: Primera parte (Burgueses y soldados), Segunda parte (volumen I: El pueblo traicionado; volumen II: El regreso de las tropas del frente) y tercera parte (Karl y Rosa). <br/>Descrito por José María Guelbenzu en El País como "una obra maestra del realismo narrativo", en el ciclo Noviembre de 1918 confluyen la tradición de la gran novela clásica que podría encarnar Balzac con la narrativa impregnada de técnicas cinematográficas que encabeza John Dos Passos, combinación de técnicas y planteamientos que convierten a Döblin en un autor de gran modernidad y en uno de los clásicos alemanes de mayor universalidad y vigencia.<br/>Una de las novelas verdaderamente importantes de la literatura del siglo XX, que por primera vez se traduce a nuestra lengua.
655 #7 - TERMINO DE INDIZACIÓN--GENERO/FORMA
Datos o término principal de género/forma Novelas históricas
Fuente del término tgfbne
9 (RLIN) 226782
700 1# - ENTRADA AGREGADA--NOMBRE PERSONAL
Nombre de persona Fortea, Carlos,
Fechas asociadas al nombre 1963-
Relación trl
Término indicativo de función/relación Traductor
9 (RLIN) 51844
830 ## - PUNTO DE ACCESO ADICIONAL DE SERIE-TÍTULO UNIFORME
9 (RLIN) 180347
Título uniforme Pocket Edhasa
852 ## - LOCALIZACIÓN
Ubicación ES-MaACL
Sublocalización o colección R. 154714
Ubicación en estantería Depósito J
Número de control de estantería N-9488
itemnumber 200787
Donativo/Legado Donación: Carlos Fortea
Encuadernación Encuadernación rústica
903 ## - NOMBRE PERSONAL DE DONANTE
a Fortea, Carlos,
d 1963-
e Donante
9 51844
942 ## - ELEMENTOS DE ENTRADA SECUNDARIOS (KOHA)
Suprimir en OPAC No
Tipo de ítem Koha Libro impreso
Holdings
Estatus retirado Estado de pérdida Fuente del sistema de clasificación o colocación Estado de daño No para préstamo Biblioteca de origen Biblioteca actual Ubicación en estantería Fecha de adquisición Fuente de adquisición Número de control de estantería Total de préstamos Signatura topográfica completa Código de barras Visto por última vez Tipo de ítem Koha
    Clasificación decimal universal     Biblioteca del Ateneo de Madrid Biblioteca del Ateneo de Madrid Depósito J 02/11/2023 Donación Ateneísta   N-9488 101206075 02/11/2023 Libro impreso